000 00726nam a2200193 a 4500
001 000450504
003 AM-YeHGA
005 20250617163232.0
008 050725s1958 ||||||||||||||||||||rus d
040 _aAM-YeHGA
041 0 _arus
100 1 _aАрутюнов, Валентин Осипович
245 1 0 _aЭлектрические измерительные приборы и измерения :
_bУчебное пособие /
_cВ.О. Арутюнов.
260 _aМосква :
_aЛенинград :
_bГосэнергоиздат,
_c1958.
300 _a632 c. :
_bил.
504 _aСписок лит. с. 628
650 1 4 _aЭлектроизмерительные приборы
090 _c506737
999 _c503320
_d503320